| 000 | 00771nam a22002057a 4500 | ||
|---|---|---|---|
| 008 | 100628t xxu||||| |||| 00| 0 eng d | ||
| 082 |
_222 _a210.91538 _bس ق ا |
||
| 100 |
_915304 _aالسقاف، أبكار |
||
| 245 |
_aالإسلام : _bالدين في شبه الجزيرة العربية / _cأبكار السقاف |
||
| 260 |
_a[د.م] : _b[د.ن] ، [2005] _c[2005] |
||
| 300 |
_a422 ص ؛ _c24 سم |
||
| 541 | _aألف باء ؛ | ||
| 650 |
_915307 _aالغزوات الإسلامية |
||
| 650 |
_915309 _aالأوس والخزرج |
||
| 650 |
_915311 _aبنوقريظة |
||
| 650 |
_915312 _aبنو قينقاع |
||
| 650 |
_915313 _aالمسلمون واليهود |
||
| 650 |
_915315 _aعصر صدر الإسلام |
||
| 942 |
_2ddc _cBB |
||
| 999 |
_c14241 _d14241 |
||